Statistiken für Größte Gemeinde Österreichs nach Anfangsbuchstaben

Klicken Sie hier um das Quiz zu spielen!

Allgemein

  • Dieses Quiz wurde 28 mal gespielt
  • Das Durchschnittsergebnis liegt bei 15 aus 20

Antwortstatistiken

#BezirkBundeslandEinwohnerGemeinde% Korrekt
DEUTSCH-DeutschlandsbergSteiermark11.663Deutschlandsberg
96%
FELD-FeldkirchVorarlberg33.862Feldkirch
96%
HALL-HalleinSalzburg21.170Hallein
96%
HOHE-DornbirnVorarlberg16.560Hohenems
96%
LEO-Linz-LandOberösterreich28.795Leonding
96%
ROHR-RohrbachOberösterreich5.160Rohrbach-Berg
96%
WOLF-WolfsbergKärnten24.998Wolfsberg
96%
WAID-Waidhofen an der YbbsNiederösterreich11.261Waidhofen an der Ybbs
92%
BAD-BadenNiederösterreich25.906Baden
88%
SEE-Salzburg-UmgebungSalzburg10.884Seekirchen am Wallersee
83%
LAA-GmundenOberösterreich9.841Laakirchen
79%
STRASS-GänserndorfNiederösterreich10.392Strasshof an der Nordbahn
79%
NEU-NeunkirchenNiederösterreich12.709Neunkirchen
75%
LANG-KorneuburgNiederösterreich8.106Langenzersdorf
71%
MARIA-MödlingNiederösterreich8.675Maria Enzersdorf
71%
GROSS-GänserndorfNiederösterreich11.427Groß-Enzersdorf
63%
OBER-OberwartBurgenland7.623Oberwart
54%
MUR-Bruck-MürzzuschlagSteiermark8.525Mürzzuschlag
50%
SCH-Bruck an der LeithaNiederösterreich18.564Schwechat
38%
ALT-GmundenOberösterreich9.782Altmünster
29%

Verteilung der Resultate

Perzentil nach korrekt beantworteten Fragen

Anzahl Personen mit jedem Resultat

Ihre Resultats-Entwicklung

Sie haben dieses Quiz noch nicht gespielt